Every Teammate of Nikola Jokic Quiz - Statistics

General Stats
  • This quiz has been taken 60 times
    9 since last reset
  • The average score is 34 of 101
Answer Stats
GP Answer % Correct
328 Aaron Gordon
100%
609 Jamal Murray
100%
54 Cameron Johnson
88%
281 Christian Braun
88%
43 Ish Smith
88%
345 Michael Porter Jr.
88%
75 Russell Westbrook
88%
162 Bruce Brown
75%
131 DeAndre Jordan
75%
65 Jonas Valanciunas
75%
152 Kentavious Caldwell-Pope
75%
225 Peyton Watson
75%
2 Carlik Jones
63%
10 Curtis Jones
63%
27 Devin Harris
63%
3 Erick Green
63%
332 Gary Harris
63%
125 JaMychal Green
63%
131 Jeff Green
63%
172 Julian Strawther
63%
215 Paul Millsap
63%
20 | 64 Spencer Jones
63%
80 Tim Hardaway Jr.
63%
11 Tyus Jones
63%
245 Zeke Nnaji
63%
116 Danilo Gallinari
50%
16 Dario Saric
50%
25 DaRon Holmes
50%
165 Emmanuel Mudiay
50%
126 Jalen Pickett
50%
191 Juan Hernangomez
50%
160 Kenneth Faried
50%
254 Mason Plumlee
50%
280 Monte Morris
50%
451 Will Barton
50%
145 Wilson Chandler
50%
130 Darrell Arthur
38%
31 DeMarcus Cousins
38%
130 Facundo Campazzo
38%
90 Hunter Tyson
38%
71 Jerami Grant
38%
77 Jusuf Nurkic
38%
6 K.J. Simpson
38%
67 Mike Miller
38%
195 Trey Lyles
38%
143 Vlatko Cancar
38%
111 Bones Hyland
25%
24 Collin Gillespie
25%
30 Isaiah Hartenstein
25%
17 Jack White
25%
114 Jameer Nelson
25%
20 J.J. Hickson
25%
7 Keita Bates-Diop
25%
206 Malik Beasley
25%
4 Nick Young
25%
97 P.J. Dozier
25%
54 Randy Foye
25%
98 Reggie Jackson
25%
20 Richard Jefferson
25%
18 Thomas Bryant
25%
11 Thomas Welsh
25%
6 Troy Daniels
25%
26 Tyler Lydon
25%
13 Alonzo Gee
13%
82 Austin Rivers
13%
21 Axel Toupane
13%
35 Bryn Forbes
13%
83 Davon Reed
13%
2 Gary Clark
13%
12 Isaiah Thomas
13%
3 James Ennis III
13%
26 Jarred Vanderbilt
13%
13 JaVale McGee
13%
59 Joffrey Lauvergne
13%
68 Markus Howard
13%
172 Torrey Craig
13%
24 Trey Alexander
13%
53 Bol Bol
0%
16 Brandon Goodwin
0%
20 Braxton Key
0%
5 David Roddy
0%
7 DeVaughn Akoon-Purcell
0%
28 D.J. Augustin
0%
4 Greg Whittington
0%
26 JaKarr Sampson
0%
2 Jarnell Stokes
0%
20 Jay Huff
0%
7 Johnny O'Bryant
0%
4 Jordan McRae
0%
58 Justin Holiday
0%
26 Kostas Papanikolaou
0%
7 Noah Vonleh
0%
13 Petr Cornelie
0%
19 P.J. Hall
0%
3 Rayjon Tucker
0%
25 R.J. Hampton
0%
6 Roy Hibbert
0%
8 Sean Kilpatrick
0%
17 Shaquille Harrison
0%
2 Tyler Cook
0%
No matching quizzes found
Score Distribution
Percent of People with Each Score
Percentile by Number Answered
Your Score History
You have not taken this quiz since the last reset